| 000 | 00954cab a2200241 4500 | ||
|---|---|---|---|
| 001 | WB2825-22 | ||
| 008 | 090401t1992 xxu||||| |||| 00| 0 eng d | ||
| 035 | _a(Sirsi) u43809 | ||
| 041 | _aeng | ||
| 245 | _aNew lease of life in landlord-tenant fight | ||
| 260 | _c1992 | ||
| 350 | _a0 | ||
| 490 |
_aFinancial Times _v19 June 1992, 12(2) |
||
| 520 | _aAn end to 25 leases, the removal of upwards-only clauses in rent review, the end of privity of contract, a change in the way rent reviews are determined and the termination of confidentiality clauses are among the key reforms which business tenants would like to see in landlord and tenant law. Landlords give counter-comments. | ||
| 650 | _a25 YEAR LEASES | ||
| 650 | _aCONFIDENTAILITY CLAUSES | ||
| 650 | _aPRIVITY OF CONTRACTS | ||
| 650 | _aRENT REVIEWS | ||
| 650 | _aUPWARD ONLY RENT REVIEWS | ||
| 690 | _aLANDLORD AND TENANT-BUSINESS TENANCIES | ||
| 942 | _n0 | ||
| 948 | _c04/03/1997 | ||
| 999 |
_c27923 _d27923 |
||